000 00603nam a2200229Ia 4500
003 OSt
005 20220928102000.0
006 a|||||r|||| 00| 0
007 ta
008 220927b |||||||| |||| 00| 0 eng d
024 _a46267
037 _cTextual
040 _aSDCL
_cSDCL
_beng
041 _2eng
_aeng
082 _aO152,1M86,20, J6
100 _aGupta Maithili Sharan
_9391543
245 0 _aKunal-geet.
260 _aJhansi
_bSahitya Sadan
_c1956
300 _a136p
_ccm.
942 _hO152,1M86,20, J6
_cTEXL
_2CC
999 _c711753
_d711753